000 00539nam a2200205 a 4500
001 BRCA_6186
005 20190320205349.0
008 110711s1921----gw-a######---#000-0#ger-#
041 _ager
044 _agw
050 4 _aPT2617
_b.U66 S65
_c1921
100 1 _aHuga, Ludwig
_d1872-
_915574
245 1 0 _aDer Stern des Orsini
_cvon Ludwig Huga.
260 _aLeipzig, Alemania
_bGrethlein
_cc1921
300 _a428 p.
_bil., litografías
_c20 cm.
500 _aK66
650 1 4 _aLiteratura Alemana
_96160
902 _aGFM
942 _2lcc
_cB
999 _c5873
_d5873